000 00310nam a22001337a 4500
008 171025b xxu||||| |||| 00| 0 eng d
020 _a0882775693
041 _aeng
080 _a336.2
100 _a55
101 _aTAK
245 _aFUNDAMENTALS OF FEDERAL INCOME TAXATION
_cFREELAND,J,J
942 _2udc
_cBK
999 _c35848
_d35848